| 000 | 00979nas a2200325 4500 | ||
|---|---|---|---|
| 001 | BR2013006732 | ||
| 003 | BR-BrBNA | ||
| 005 | 20231205122828.0 | ||
| 007 | ta | ||
| 008 | 230509b bl.|||p| |||| 00| 00por d | ||
| 040 |
_aBR-BrBNA _bpor _cBiblioteca Nacional de Agricultura |
||
| 041 | _a(En) | ||
| 072 | _aL20; B10 | ||
| 100 | 1 | _aEscalante, T. | |
| 100 | 1 | _aLinaje, M. | |
| 100 | 1 | _aIlloldi-Rangel, P. | |
| 100 | 1 | _aRivas, M. | |
| 100 | 1 | _aEstrada, P. | |
| 100 | 1 | _aNeira, F. | |
| 100 | 1 | _aMorrone, J.J. | |
| 245 | 1 | _aEcological niche models and patterns of rechness and endemism of the southern Andean genus Eurymetopum (Coleoptera, Cleridae) | |
| 650 | _aMAPA | ||
| 650 | _aECOLOGIA | ||
| 650 | _aESPÉCIE | ||
| 650 | _aHABITAT | ||
| 650 | _aBIOGEOGRAFIA | ||
| 773 | 0 |
_tRevista Brasileira de Entomologia (Brazil) _xISSN 0085-5626 _g(Jul-Sep 2009), v. 53(3) p. 379-385 _wBR2013006732 |
|
| 909 |
_a202311 _bLúcia _c55 _dLúcia Elande |
||
| 942 |
_2AGRIS _n0 _cANA |
||
| 999 |
_c230802 _d230802 |
||